000 00555cam a2200169 4500500
005 20260405003109.0
041 _afre
042 _adc
100 1 0 _aRontard, Yseult
_eauthor
245 0 0 _aDiscours de la servitude volontaire
260 _c2020.
500 _a64
690 _aDiscours de la Servitude volontaire
690 _aÉtienne de La Boétie
786 0 _nPhilosophie magazine | 141 | 8 | 2020-08-01 | p. 53-53 | 1951-1787
856 4 1 _uhttps://shs.cairn.info/magazine-philosophie-magazine-2020-8-page-53?lang=fr&redirect-ssocas=7080
999 _c2064349
_d2064349